Un siglo es demasiado tiempo (Registro nro. 25152)

Detalles MARC
000 -LEADER
fixed length control field 00355 a2200109 4500
001 - CONTROL NUMBER
control field ART_28289
005 - DATE AND TIME OF LATEST TRANSACTION
control field 20260410161852.0
008 - FIXED-LENGTH DATA ELEMENTS--GENERAL INFORMATION
fixed length control field 260409a
100 1# - MAIN ENTRY--PERSONAL NAME
Personal name Arese, César
245 10 - TITLE STATEMENT
Title Un siglo es demasiado tiempo
773 0# - HOST ITEM ENTRY
Title Derecho del trabajo
Related parts A 40 años de la Ley de Contrato de Trabajo - Año III, Nº 9 (dic. 2014)
Record control number REV10447

No hay ítems disponibles.